PSG 2025/2026 - Statistiques

Statistiques générales
  • Ce quiz a été pris 121 fois
  • Le résultat moyen est 21 sur 28
Statistiques - réponses
Hint Réponse % Correct
GK Safonov
98%
GK Chevalier
96%
DF Pacho
96%
FW Dembélé
93%
FW Doué
93%
DF Marquinhos
92%
MF Neves
92%
MF Vitinha
92%
DF Mendes
91%
MF Ruiz
91%
FW Barcola
90%
DF Hakimi
90%
DF Hernandez
89%
MF Mayulu
87%
FW Ramos
85%
DF/MF Zaire Emery
84%
FW Kvara
80%
FW Mbaye
80%
DF Beraldo
79%
DF Zabarnyi
74%
MF/FW Lee
73%
GK Marin
70%
MF Ndjantou
58%
MF Dro Fernandez
27%
DF Kamara
24%
DF Boly
19%
MF Jangéal
19%
FW Nsoki
13%
Aucun quiz correspondant
Distribution des résultats
% des personnes avec chaque résultat
Percentile par nombre de réponses
Votre historique - résultats
Vous n’avez pas pris ce quiz